| 000 | 01263nam a2200373 c 4500 | ||
|---|---|---|---|
| 001 | 24112 | ||
| 003 | ES-MaCES | ||
| 005 | 20141221122904.0 | ||
| 008 | 111122s2011 sp l 00| | spa d | ||
| 017 |
_aNA 2652-2011 _bDL |
||
| 020 | _a9788499030012 | ||
| 035 | _aCES20110009302m | ||
| 040 |
_aES-MaCES _bspa _cES-MaCES |
||
| 100 | 1 |
_aBurriel Rodríguez, Pepa _98512 |
|
| 245 | 1 | 3 |
_aLa evolución del convenio colectivo en España _b: algunas claves para entender el presente _cPepa Burriel Rodríguez Diosdado ; prólogo, Jordi García Viña |
| 250 | _a1ª ed | ||
| 260 |
_aCizur Menor (Navarra) _bAranzadi-Thomson Reuters _c2011 |
||
| 300 |
_a265 p. _c24 cm |
||
| 504 | _aBibliografía: p. 251-265 | ||
| 541 | _cCompra | ||
| 650 | 4 |
_aconvenio colectivo _928361 |
|
| 650 | 4 |
_aextensión del convenio colectivo _930041 |
|
| 650 | 4 |
_anegociación colectiva _928362 |
|
| 650 | 4 |
_acondiciones de trabajo _928327 |
|
| 650 | 4 |
_alegislación del trabajo _927166 |
|
| 650 | 4 |
_aEspaña _926964 |
|
| 650 | 4 |
_a1843-1978 _932016 |
|
| 650 | 4 |
_ahistoria _927251 |
|
| 653 | 1 | 0 | _aRelaciones laborales-Empleo |
| 700 | 1 |
_aGarcía Viña, Jordi _ecol. _913099 |
|
| 902 | _aLIB Libro | ||
| 942 |
_2CES _cBK _h2.0. |
||
| 999 |
_c24112 _d24112 |
||